<?xml version="1.0" encoding="UTF-8"?>
<record
    xmlns:xsi="http://www.w3.org/2001/XMLSchema-instance"
    xsi:schemaLocation="http://www.loc.gov/MARC21/slim http://www.loc.gov/standards/marcxml/schema/MARC21slim.xsd"
    xmlns="http://www.loc.gov/MARC21/slim">

  <leader>02921nam a2200277 a 4500</leader>
  <controlfield tag="003">OSt</controlfield>
  <controlfield tag="005">20251104125942.0</controlfield>
  <controlfield tag="007">cr ||||||a|c|a</controlfield>
  <controlfield tag="008">230606s2019    mx ||||fom||| 001 0 s   d</controlfield>
  <datafield tag="040" ind1=" " ind2=" ">
    <subfield code="e">rda</subfield>
  </datafield>
  <datafield tag="100" ind1="1" ind2=" ">
    <subfield code="9">133725</subfield>
    <subfield code="a">L&#xF3;pez Hern&#xE1;ndez, Gamaliel</subfield>
  </datafield>
  <datafield tag="245" ind1="1" ind2="0">
    <subfield code="a">Modelo din&#xE1;mico del agua en suelo y planta de tomate :</subfield>
    <subfield code="b">Simulaci&#xF3;n y an&#xE1;lisis /</subfield>
    <subfield code="c">Por Gamaliel L&#xF3;pez Hern&#xE1;ndez; director de tesis Irineo Lorenzo L&#xF3;pez Cruz.</subfield>
  </datafield>
  <datafield tag="264" ind1=" " ind2="1">
    <subfield code="a">Chapingo, M&#xE9;xico :</subfield>
    <subfield code="b">El autor,</subfield>
    <subfield code="c">2019.</subfield>
  </datafield>
  <datafield tag="300" ind1=" " ind2=" ">
    <subfield code="a">1 recurso en l&#xED;nea (101 p&#xE1;ginas):</subfield>
    <subfield code="b">Cuadros y figuras.</subfield>
  </datafield>
  <datafield tag="336" ind1=" " ind2=" ">
    <subfield code="2">rdacontent</subfield>
    <subfield code="a">texto</subfield>
    <subfield code="b">txt</subfield>
  </datafield>
  <datafield tag="337" ind1=" " ind2=" ">
    <subfield code="2">rdamedia</subfield>
    <subfield code="a">computadora</subfield>
    <subfield code="b">c</subfield>
  </datafield>
  <datafield tag="338" ind1=" " ind2=" ">
    <subfield code="2">rdacarrier</subfield>
    <subfield code="a">recurso en l&#xED;nea</subfield>
    <subfield code="b">cr</subfield>
  </datafield>
  <datafield tag="502" ind1=" " ind2=" ">
    <subfield code="b">MIAUIA</subfield>
    <subfield code="c">Irrigaci&#xF3;n y Mec&#xE1;nica</subfield>
    <subfield code="d">2019.</subfield>
    <subfield code="g">MAE</subfield>
  </datafield>
  <datafield tag="504" ind1=" " ind2=" ">
    <subfield code="a">Incluye referencias bibliogr&#xE1;ficas: p&#xE1;ginas 4-22, 28, 51-54, 75-76.</subfield>
  </datafield>
  <datafield tag="520" ind1=" " ind2=" ">
    <subfield code="a">Se presenta la propuesta de un modelo din&#xE1;mico que predice el contenido de agua en el suelo, ra&#xED;z y dosel de plantas de tomate (Solanum lycopersicum L.), bajo condiciones de invernadero y en suelo de textura franca, el modelo considera tres variables de estado asociadas con el contenido de agua en el suelo (XAGs), contenido de agua en la ra&#xED;z (XAGr), y contenido de agua en el dosel (XAGd), y dos variables de estado asociadas con la biomasa de la ra&#xED;z (Br) y la biomasa del dosel (Bd), basados en el modelo general TOMGRO, adem&#xE1;s se integra un modelo de transpiraci&#xF3;n propuesto por Jolliet.   Como variables de entrada intervienen la temperatura, la radiaci&#xF3;n solar global, el &#xED;ndice de &#xE1;rea foliar, la humedad relativa, y la concentraci&#xF3;n de CO2, y con un total de 30 par&#xE1;metros. La simulaci&#xF3;n se realiz&#xF3; tomando como valores de los par&#xE1;metros, los reportados en la literatura. Se presenta un an&#xE1;lisis de los resultados de la simulaci&#xF3;n. Se ha realizado un an&#xE1;lisis de sensibilidad local basado en el c&#xE1;lculo de derivadas y un an&#xE1;lisis de sensibilidad global mediante el m&#xE9;todo de coeficientes de regresi&#xF3;n estandarizados, ambos an&#xE1;lisis coinciden en la determinaci&#xF3;n de los par&#xE1;metros que tienen mayor sensibilidad en el modelo, siendo estos los relacionados con la disponibilidad del agua en el suelo en el caso de XAGs, XAGr y XAGd. Para Br y Bd, los par&#xE1;metros m&#xE1;s relevantes son la eficiencia de utilizaci&#xF3;n de la luz (Alfa), la temperatura en la hoja a la cual la fotos&#xED;ntesis es m&#xE1;xima (Phih), la eficiencia de conversi&#xF3;n de CH2O a tejido (E) y la densidad de flujo m&#xE1;xima de luz encima del dosel (Im), relacionados con los factores clim&#xE1;ticos que intervienen en la tasa fotosint&#xE9;tica del cultivo.</subfield>
  </datafield>
  <datafield tag="650" ind1=" " ind2="4">
    <subfield code="9">110393</subfield>
    <subfield code="a">Suelos</subfield>
    <subfield code="x">Humedad</subfield>
    <subfield code="x">Efecto en plantas</subfield>
  </datafield>
  <datafield tag="650" ind1=" " ind2="4">
    <subfield code="9">113704</subfield>
    <subfield code="a">Tomate</subfield>
    <subfield code="x">Cultivos en invernadero</subfield>
  </datafield>
  <datafield tag="700" ind1="1" ind2=" ">
    <subfield code="9">67795</subfield>
    <subfield code="a">L&#xF3;pez Cruz, Irineo Lorenzo</subfield>
    <subfield code="e">director.</subfield>
  </datafield>
  <datafield tag="856" ind1=" " ind2=" ">
    <subfield code="u">http://10.13.5.2/tesis/tm/Lopez_Hernamdez_Gamaliel.pdf</subfield>
    <subfield code="z">DESCARGAR PDF</subfield>
  </datafield>
  <datafield tag="942" ind1=" " ind2=" ">
    <subfield code="2">Clasificaci&#xF3;n Universidad Aut&#xF3;noma Chapingo</subfield>
    <subfield code="c">TD</subfield>
  </datafield>
  <datafield tag="999" ind1=" " ind2=" ">
    <subfield code="c">218923</subfield>
    <subfield code="d">218923</subfield>
  </datafield>
  <datafield tag="952" ind1=" " ind2=" ">
    <subfield code="0">0</subfield>
    <subfield code="1">0</subfield>
    <subfield code="2">local</subfield>
    <subfield code="4">0</subfield>
    <subfield code="5">1</subfield>
    <subfield code="7">0</subfield>
    <subfield code="8">TesDigM</subfield>
    <subfield code="a">BD</subfield>
    <subfield code="b">BD</subfield>
    <subfield code="c">E_L</subfield>
    <subfield code="d">2023-06-06</subfield>
    <subfield code="l">0</subfield>
    <subfield code="o">Tesis digital</subfield>
    <subfield code="r">2023-06-06 00:00:00</subfield>
    <subfield code="w">2023-06-06</subfield>
    <subfield code="y">TD</subfield>
  </datafield>
</record>
